000 01363 a2200217 4500
001 22215
005 20260407155511.0
008 260407a1973 arg spa d
003 AR-UNSa-BCEJYS
040 _aAR-UNSa-BCEJYS
_bspa
_cAR-UNSa-BCEJYS
080 _a001.8
_xMetodología. Estudio general del método. Procedimientos científicos y técnicos para el estudio, La investigación y la discusión
245 1 0 _aMetodología de la investigación
020 _a950-13-6048-2
264 1 _aBuenos Aires :
_bKapelusz
_c1973
300 _a191 p.
_c20 cm.
505 _aParte I: Los métodos actuales de investigación : 1. La investigación y sus métodos - 2. La investigación en las ciencias fácticas - 3. La investigación en las ciencias del hombre - 4. La iniciación en la investigación filosófica - Parte II: La investigación en la investigación : 5. El problema y el tema - 6. El plan de investigación - 7. Información bibliográfica - 8. Realización de la investigación - Parte III: Preparación de la monografía : 9. Concepto de monografía - 10. La redacción de la monografía - 11. Impresión de la monografía.
942 _cBK
590 _aniveau_biblio:m niveau_hierar:0
100 1 _aAsti Vera, Armando
856 4 1 _uhttps://biblioeco.unsa.edu.ar/pmb/images/libros/Metodologia de la Investigacion.jpg
_yImagen de portada
_qimage/jpeg
999 _c934
_d934